| 000 | 00340nam a2200133Ia 4500 | ||
|---|---|---|---|
| 008 | 240624s9999 xx 000 0 und d | ||
| 041 | _aeng | ||
| 082 | _a336.54 DAL | ||
| 100 | _aDALTON HUGH | ||
| 245 | _aPRINCIPLES OF PUBLIC FINANCE | ||
| 260 |
_c1998 _aNew Delhi _bAllied Publishers |
||
| 300 | _axvi, : 255p. : cm. ; 18 | ||
| 365 |
_cRS _b30 |
||
| 999 |
_c4338 _d4338 |
||